| 000 | 00643nam a22002057a 4500 | ||
|---|---|---|---|
| 999 |
_c3801 _d3801 |
||
| 003 | OSt | ||
| 005 | 20241029100100.0 | ||
| 008 | 241029b ||||| |||| 00| 0 eng d | ||
| 020 | _a9789670624211 | ||
| 040 | _cKH8 | ||
| 082 | _a823 LIE | ||
| 100 |
_aLiew, K. F. , _eauthor. |
||
| 245 |
_aReadiness to help and be courteous = Sentiasa sedia membantu dan bebudi bahasa / _cK. F. Liew. |
||
| 260 |
_aKuala Lumpur ; _bPustaka Kalam Bestrai , _c2015. |
||
| 300 |
_a24 pages : _bcolor illustrations ; _c26 cm. |
||
| 440 | _aPractice etiquette series | ||
| 650 |
_aDidactic fiction _vEnglish |
||
| 650 |
_aDidactic fiction _vMalay |
||
| 942 |
_2ddc _cTR |
||